Atlas de Anatomía Humana / (Registro nro. 157)

Detalles MARC
000 -LEADER
fixed length control field 00896 am a2200301 a 4500
005 - FECHA ULTIMA MODIFICACION
control field 20231212114320.0
008 - CAMPO DE CONTROL (LIBRO)
fixed length control field 100319s1996 sp a f |||| 00| 0 spa d
020 ## - INTERNATIONAL STANDARD BOOK NUMBER
ISBN 0914168665
041 ## - CODIGO DE IDIOMA
Código de idioma del texto/pista de sonido o título separado spa
092 ## - SIGNATURA TOPOGRAFICA DEWEY LOCAL
número de clasificación 61.022
libristica 55
sección NET
100 1# - ENTRADA PRINCIPAL--NOMBRE PERSONAL
Nombre personal Netter, Frank H.
9 (RLIN) 147
245 ## - TITULO PROPIAMENTE DICHO
Título Atlas de Anatomía Humana /
Mención de responsabilidad y remanente de la transcripción de la portada Frank H. Netter.
250 ## - MENCION DE EDICION
Mención de edición 1a ed. versión en español de la obra original en inglés
Mención de responsabilidad relacionada con la ed. Traducción Victor Götzens García
260 ## - PIE DE IMPRENTA
Lugar de publicación, distribución, etc Barcelona:
Nombre de la editorial, distribuidor, etc Masson;
Fecha de publicación 1996.
300 ## - DESCRIPCION FISICA
Extension 514 p.
Otros detalles físicos il.
500 ## - NOTA GENERAL
Nota general Netter, F. H. (1996). Atlas de anatomía humana. (1a ed.). Barcelona : Masson.
653 ## - TÉRMINO INDIZADO - PALABRAS CLAVES
Palabra clave Cabeza y cuello
653 ## - TÉRMINO INDIZADO - PALABRAS CLAVES
Palabra clave Dorso y médula espinal
653 ## - TÉRMINO INDIZADO - PALABRAS CLAVES
Palabra clave Tórax
653 ## - TÉRMINO INDIZADO - PALABRAS CLAVES
Palabra clave Abdomen
653 ## - TÉRMINO INDIZADO - PALABRAS CLAVES
Palabra clave Pelvis y periné
653 ## - TÉRMINO INDIZADO - PALABRAS CLAVES
Palabra clave Miembro superior
653 ## - TÉRMINO INDIZADO - PALABRAS CLAVES
Palabra clave Miembro inferior
930 ## - NUMERO DE INVENTARIO
Número de inventario 451
930 ## - NUMERO DE INVENTARIO
Número de inventario 452
930 ## - NUMERO DE INVENTARIO
Número de inventario 454
942 ## - ADDED ENTRY ELEMENTS (KOHA)
Source of classification or shelving scheme Dewey Decimal Classification
Item type Libros
Existencias
Estado de retiro Existencia Fuente de clasificación Estado general No para prestamo Colección Ubicación permanente ubicación actual Sala de ubicación Fecha de adquisición Total Checkouts Total Renewals Número de clasificación Código de barras Date last seen Date last borrowed Número de ejemplar Price effective from Koha tipo de elemento (item) Public note Fuente de adquisición Coded location qualifier
    Dewey Decimal Classification     Reference Biblioteca Medicina Biblioteca Medicina Referencia 13/05/2011 29 1 61.022 55 NET 451 13/06/2022 15/03/2019 ej.1 13/05/2011 Reference LIBRO DE CONSULTA    
            Biblioteca Medicina Biblioteca Medicina Circulación 13/05/2011 54 3 61.022 55 NET 452 13/06/2022 13/06/2022 ej.2 13/05/2011 Libros      
            Biblioteca Medicina Biblioteca Medicina Circulación 13/05/2011 55 2 61.022 55 NET 454 29/04/2024 22/04/2024 ej.4 13/05/2011 Libros      
    Dewey Decimal Classification       Biblioteca Medicina Biblioteca Medicina Circulación 09/05/2022     61.022 55 NET 4769 09/05/2022   Ej.31 09/05/2022 Libros Donación Mayo 2022. Donación Mayo 2022.  

UNIVERSIDAD NACIONAL DEL COMAHUE
Biblioteca de la Facultad de Ciencias Médicas
Sede Toschi: Los Arrayanes y Av. Toschi, Cipolletti  - Rio Negro
Sede Los Tordos:  Yrigoyen al 2211, Cipolletti - Rio Negro 

Teléfono: 0299 - 4774707 int 25
Contacto: biblioteca@facimed.uncoma.edu.ar
© 2011 - 2026